00673nam a2200241 a 4500001001300000003000900013005001700022008004100039020001000080082001900090100002100109245002000130260003700150300000800187500003500195505001300230650001800243700002100261902000800282942000700290952011900297999001500416nice12345678IN_TiNIC20260116011806.0050524s0000 beia grp 000 0 ara  ac10000a220.9505bJAD1 aJadeed, Askandar aUl-Luss Al-Lazi aBeirutbMarkaz Ilshabiyatac0000 a57p aincludes index and biblioraphy2 aAppendix aBible Stories1 aJadeed, Askandar bSRS cBK 001040708StackRoom-aHMIbHMId2007-06-18g100.00l0o220.9505 JAD1p07323r2007-06-18v100.00w2005-05-24yBK c4005d4005